<?xml version="1.0" encoding="UTF-8"?>
<collection xmlns:xsi="http://www.w3.org/2001/XMLSchema-instance" xsi:schemaLocation="http://www.loc.gov/MARC21/slim http://www.loc.gov/standards/marcxml/schema/MARC21slim.xsd" xmlns="http://www.loc.gov/MARC21/slim">
 <record>
  <leader>00000ctm a22000003a 4500</leader>
  <controlfield tag="001">UP-99796217610259195</controlfield>
  <controlfield tag="003">Buklod</controlfield>
  <controlfield tag="005">20120324103551.0</controlfield>
  <controlfield tag="006">a     r    |||| u|</controlfield>
  <controlfield tag="007">ta</controlfield>
  <controlfield tag="008">120324s2011    xx     d     r    |||| u|</controlfield>
  <datafield tag="035" ind1=" " ind2=" ">
   <subfield code="a">(iLib)UPD-00183810554</subfield>
  </datafield>
  <datafield tag="040" ind1=" " ind2=" ">
   <subfield code="a">DCHE</subfield>
  </datafield>
  <datafield tag="041" ind1=" " ind2=" ">
   <subfield code="a">eng</subfield>
  </datafield>
  <datafield tag="090" ind1=" " ind2=" ">
   <subfield code="a">LG 993.5 2011 F66</subfield>
   <subfield code="b">C67</subfield>
  </datafield>
  <datafield tag="100" ind1="1" ind2=" ">
   <subfield code="a">Cortez, Izza Patricia Q.</subfield>
  </datafield>
  <datafield tag="245" ind1="1" ind2="4">
   <subfield code="a">The effects of common processing methods on the antioxidant activity of Philippine sweet potato (Ipomea batatas) varieties</subfield>
   <subfield code="c">Izza Patricia Cortez ; Ma. Leonora dL Francisco, adviser.</subfield>
  </datafield>
  <datafield tag="264" ind1=" " ind2="1">
   <subfield code="a">Quezon City</subfield>
   <subfield code="b">UP College of Home Economics</subfield>
   <subfield code="c">2011.</subfield>
  </datafield>
  <datafield tag="300" ind1=" " ind2=" ">
   <subfield code="a">x, 115 leaves</subfield>
  </datafield>
  <datafield tag="500" ind1=" " ind2=" ">
   <subfield code="a">Thesis (BSFT)--University of the Philippines Diliman.</subfield>
  </datafield>
  <datafield tag="520" ind1=" " ind2=" ">
   <subfield code="a">ABSTRACT Total phenolic content (TPC), 2,2-diphenyl-1-picrylhydrazyl (DPPH) radical scavenging activity, reducing power, chelating activity, and total antioxidant activity (TAA) of fresh, baked, boiled, and fried Philippine sweet potatoes (Emitlog and VSP 6) were measured. Processing was found to significantly (p&lt;0.05) affect the phenolic content and antioxidant capacity of both varieties. Emitlog had higher phenolic content(Emitlog= 47.84 - 89.6 mg GAE/100g sample; VSP 6= 25.86 - 46.37 mg GAE/100g sample), DPPH radical scavenging activity (EC50 0.54 - 1.49; EC50 2.64 -14.62), reducing power (EC50 21.92 - 49.73; EC50 65.78 - 149.58), chelating activity (EC50 13.65 - 26.54; EC50 15.59 - 22.82), and total antioxidant activity (10.57% - 76.06%; 22.92% - 33.25%) than VSP 6 for all treatments. Boiled and fried samples had greater phenolics and antioxidant activity than those that were baked and unprocessed. Significant (p&lt;0.05) negative correlation exists between DPPH scavenging activity and reducing power (R = -0.977), and chelating activity and TAA (R = -0.965) for Emitlog. No significant correlation was observed between treatments for VSP 6.</subfield>
  </datafield>
  <datafield tag="650" ind1=" " ind2="0">
   <subfield code="a">Sweet potatoes</subfield>
   <subfield code="z">Philippines</subfield>
   <subfield code="x">Processing.</subfield>
  </datafield>
  <datafield tag="700" ind1="1" ind2=" ">
   <subfield code="a">Francisco, Ma. Leonora dL.</subfield>
  </datafield>
  <datafield tag="905" ind1=" " ind2=" ">
   <subfield code="a">Fi</subfield>
  </datafield>
  <datafield tag="950" ind1=" " ind2=" ">
   <subfield code="a">Thesis</subfield>
  </datafield>
  <datafield tag="852" ind1="0" ind2=" ">
   <subfield code="a">UPD</subfield>
   <subfield code="b">DCHE</subfield>
   <subfield code="h">LG 993.5 2011 F66</subfield>
   <subfield code="i">C67</subfield>
  </datafield>
  <datafield tag="942" ind1=" " ind2=" ">
   <subfield code="a">Thesis</subfield>
  </datafield>
 </record>
</collection>
